| 000 | 00583nam a2200181Ia 4500 | ||
|---|---|---|---|
| 003 | GCL | ||
| 008 | 140319s9999 xx 000 0 ara d | ||
| 040 |
_aGCL / _cGCL |
||
| 082 | 0 | 4 |
_a819 _bم ا |
| 100 | 1 |
_aمحمد اليعلاوى _vArranger _@ _٠رتب |
|
| 245 | 1 | 0 |
_aاشتات فى اللغة والادب والنقد / _cمحمد اليعلاوى |
| 260 |
_a[S.N] : _bدار الغرب الاسلامى ، _c1992 |
||
| 490 | _a | ||
| 650 | 0 | 4 | _aالادب العربى |
| 650 | 0 | 4 | _aالبلاغة العربية |
| 650 | 0 | 4 | _aتاريخ ونقد |
| 942 |
_2ddc _cBK |
||
| 999 |
_c28613 _d28613 |
||